00776nam a2200241 i 450000100060000000300090000600500170001500700030003200800410003501600170007602000180009304000210011108000150013210000220014724501820016925000230035126000370037430000310041150000120044270000260045470000210048085200330050166679ES-MaACL20230906165756.0t|921223s1990 sp ||||0| spa d7 zCEN920180698 a84-450-7291-9 aM-BN bspa cCEN a820-34"19"1 aTolkien, J. R. R.10aCuentos inconclusos de Númenor y la Tierra Media / cJ. R. R. Tolkien ; introducción, comentario, índice y mapas de Christopher Tolkien ; [traducción de Rubén Masera]. a1ª ed. en rúst. aBarcelona : bMinotauro, c1997. a578 p. : bmap. ; c24 cm. aIndice.1 aTolkien, Christopher.1 aMasera, Rubén. aES-MaACLjL-27146 bR.132775